|
|
|
|
| LEADER |
00000nam0a2200000 4500 |
| 001 |
310038 |
| 005 |
20231102002240.0 |
| 020 |
|
|
|a RU
|b 80-87020
|
| 035 |
|
|
|a (RuTPU)RU\TPU\book\335379
|
| 090 |
|
|
|a 310038
|
| 100 |
|
|
|a 20151119d1980 m y0rusy5003 ca
|
| 101 |
0 |
|
|a rus
|
| 102 |
|
|
|a RU
|
| 105 |
|
|
|a a j 001zy
|
| 200 |
1 |
|
|a Теория линейных электрических цепей
|e учебное пособие по курсу ТОЭ
|f Е. Н. Баранов
|g Московское высшее техническое училище им. Н. Э. Баумана (МВТУ) ; под ред. Ю. А. Осокина
|
| 210 |
|
|
|a Москва
|c Изд-во МВТУ
|d 1980
|
| 215 |
|
|
|a 64 с.
|c ил.
|
| 320 |
|
|
|a Библиогр.: с.63
|
| 606 |
1 |
|
|a Электрические цепи, линейные
|x Теория
|2 stltpush
|3 (RuTPU)RU\TPU\subj\27771
|9 51470
|
| 610 |
1 |
|
|a учебные пособия
|
| 610 |
1 |
|
|a электромагнитное поле
|
| 610 |
1 |
|
|a магнитные явления
|
| 610 |
1 |
|
|a теорема Остроградского-Гаусса
|
| 610 |
1 |
|
|a электрическое напряжение
|
| 610 |
1 |
|
|a электрическое сопротивление
|
| 610 |
1 |
|
|a магнитный поток
|
| 610 |
1 |
|
|a электромагнитная индукция
|
| 610 |
1 |
|
|a законы Кирхгофа
|
| 610 |
1 |
|
|a уравнения
|
| 675 |
|
|
|a 621.3.011.71(075.8)
|z rus
|v 3
|
| 700 |
|
1 |
|a Баранов
|b Е. Н.
|g Евгений Николаевич
|4 070
|
| 702 |
|
1 |
|a Осокин
|b Ю. А.
|4 340
|
| 712 |
0 |
2 |
|a Московское высшее техническое училище им. Н. Э. Баумана (МВТУ)
|c (1943-1989)
|2 stltpush
|3 (RuTPU)RU\TPU\col\3064
|
| 801 |
|
0 |
|a RU
|b RuMRKP
|c 19950704
|g psbo
|
| 801 |
|
1 |
|a RU
|b 63413507
|c 20151119
|
| 801 |
|
2 |
|a RU
|b 63413507
|c 20190920
|g RCR
|
| 942 |
|
|
|c BK
|